Crime and punishment in contemporary culture
| 1. VerfasserIn: | |
|---|---|
| Medienart: | Druck Buch |
| Sprache: | Englisch |
| Veröffentlicht: |
London [u.a.]
Routledge
2007
|
| In: | Jahr: 2007 |
| Ausgabe: | Paperback ed., 1. publ., repr. |
| Online-Zugang: |
Inhaltsverzeichnis Klappentext (Verlag) |
| Bestand in Tübingen: | In Tübingen vorhanden. UB: KB 9 E 1566 |
| Verfügbarkeit prüfen: | HBZ Gateway |
| Subito Bestelldienst: | Jetzt bestellen. |
| Schlagwörter: |
MARC
| LEADER | 00000cam a2200000 c 4500 | ||
|---|---|---|---|
| 001 | 1622449487 | ||
| 003 | DE-627 | ||
| 005 | 20251225202507.0 | ||
| 007 | tu | ||
| 008 | 091007s2007 xxk||||| 00| ||eng c | ||
| 016 | 7 | |a b750298 |2 UK | |
| 020 | |a 0415414091 |c (pbk) : £21.99 |9 0-415-41409-1 | ||
| 020 | |a 041528175X |9 0-415-28175-X | ||
| 020 | |a 9780415281751 |9 978-0-415-28175-1 | ||
| 020 | |a 9780415414098 |9 978-0-415-41409-8 | ||
| 035 | |a (DE-627)1622449487 | ||
| 035 | |a (DE-576)311497616 | ||
| 035 | |a (DE-599)BSZ311497616 | ||
| 035 | |a (OCoLC)699318747 | ||
| 040 | |a DE-627 |b ger |c DE-627 |e rakwb | ||
| 041 | |a eng | ||
| 044 | |c XA-GB | ||
| 072 | 7 | |a SOC |2 bisacsh | |
| 072 | 7 | |a LAR |2 bicssc | |
| 082 | 0 | |a 364 | |
| 100 | 1 | |a Grant, Claire |4 aut | |
| 245 | 1 | 0 | |a Crime and punishment in contemporary culture |c Claire Grant |
| 250 | |a Paperback ed., 1. publ., repr. | ||
| 264 | 1 | |a London [u.a.] |b Routledge |c 2007 | |
| 300 | |a 182 S. |c 24cm | ||
| 336 | |a Text |b txt |2 rdacontent | ||
| 337 | |a ohne Hilfsmittel zu benutzen |b n |2 rdamedia | ||
| 338 | |a Band |b nc |2 rdacarrier | ||
| 490 | 0 | |a International library of sociology | |
| 500 | |a Includes bibliographical references and index. - Formerly CIP | ||
| 583 | 1 | |a Archivierung prüfen |c 20200919 |f DE-640 |z 2 |2 pdager | |
| 650 | 4 | |a Crime |x Sociological aspects | |
| 650 | 4 | |a Criminal justice, Administration of |x Philosophy | |
| 689 | 0 | 0 | |d s |0 (DE-588)4057785-5 |0 (DE-627)106149474 |0 (DE-576)209123699 |a Strafe |2 gnd |
| 689 | 0 | 1 | |d s |0 (DE-588)4037877-9 |0 (DE-627)106235079 |0 (DE-576)209027029 |a Massenmedien |2 gnd |
| 689 | 0 | 2 | |d s |0 (DE-588)4133431-0 |0 (DE-627)10568015X |0 (DE-576)209643870 |a Kultursoziologie |2 gnd |
| 689 | 0 | |5 (DE-627) | |
| 776 | 1 | |z 0203987381 | |
| 776 | 1 | |z 9780203987384 | |
| 856 | 4 | 2 | |u https://swbplus.bsz-bw.de/bsz311497616inh.htm |m B:DE-576;DE-21 |q application/pdf |v 20091221101459 |x Verlag |3 Inhaltsverzeichnis |7 1 |
| 856 | 4 | 2 | |u https://swbplus.bsz-bw.de/bsz311497616kla.htm |m B:DE-576;DE-21 |q application/pdf |v 20091221101518 |x Verlag |3 Klappentext |7 1 |
| 951 | |a BO | ||
| ELC | |b 1 | ||
| LOK | |0 000 xxxxxcx a22 zn 4500 | ||
| LOK | |0 001 3245666101 | ||
| LOK | |0 003 DE-627 | ||
| LOK | |0 004 1622449487 | ||
| LOK | |0 005 20091216163316 | ||
| LOK | |0 008 091105||||||||||||||||ger||||||| | ||
| LOK | |0 040 |a DE-21 |c DE-627 |d DE-21 | ||
| LOK | |0 852 |a DE-21 | ||
| LOK | |0 852 1 |c KB 9 E 1566 |9 00 | ||
| LOK | |0 935 |a krim | ||
| LOK | |0 936ln |a k5.1 | ||
| LOK | |0 938 |a 0912 |f 34 | ||
| LOK | |0 939 |a 05-11-09 |b l01 | ||
| ORI | |a SA-MARC-krimdoka001.raw | ||
| SIG | |a UB: KB 9 E 1566 | ||
